000 00596nam a2200229Ia 4500
003 OSt
005 20220918172441.0
006 a|||||r|||| 00| 0
007 ta
008 220917b |||||||| |||| 00| 0 eng d
024 _a850
037 _cTextual
040 _aARTS
_cARTS
_beng
041 _2eng
_aeng
082 _aO:9xM, H7
100 _aMadison Charles A.
_941667
245 0 _aCritics and crusaders
_b A century of American protest
260 _c1947
650 _aENGLISH LITERATURE
942 _hO:9xM, H7
_cTEXL
_2CC
999 _c143953
_d143953